000 21027nas1a22020291 4500
001 RU\NLR\INFOCOMM6\5000088378
005 20250805160813.4
011 _a0013-5380
_bprint
011 _a2411-1333
_bonline
035 _a(NLR Aleph) 002842277
090 _a1048
_c1048
100 _a20260118 rusy50
101 0 _arus
102 _aRU
110 _aafuzz 0|y|
200 1 _aЭлектричество
_eЖурнал, издаваемый VI отд. Рус. техн. о-ва
210 _aСПб.
_d1880 -
305 _aОснован в 1880 г. В 1919-1921, 1942-1943 гг. журн. не выходил
311 _aВ 1922-1923, 1925-1930 гг. на страницах журн. печатается "Бюллетень Планового управления Энергоцентра"; в 1928-1931 гг. "Информационный бюллетень Всесоюзного объединение "Электроимпорт"
320 _aУказатель статей и рефератов, помещенных в журнале "Электричество" за 1922 г. (№№1-13) и за 1923 г. (№№1-12) (1923 № 12. - с. 663-668)
320 _aУказатель статей, помещенных в журнале "Электричество" [1937, 1938, 1939 г.] (1939 №12. - с. 72-82)
320 _aПеречень докладов и занятий, напечатанных в журналах "Железнодорожное дело" и "Электричество" [за 1880-1911 г. Спб., 1911] (Приплетено к 1911, №17/19)
510 1 _aElectrichestvo
_zint
510 1 _aElectricity
_zeng
510 1 _aElektrichestvo
_zint
711 0 1 _aСССР
_bМинистерство электростанций
_3RU\NLR\AUTH\889939119
711 0 2 _aРусское техническое общество
_bОтдел
_c6
_3RU\NLR\AUTH\889996301
711 0 2 _aАН СССР
_3RU\NLR\AUTH\881046
712 0 2 _aРоссийская академия наук
_3RU\NLR\AUTH\881057
_4570
712 0 2 _aРоссийская академия наук
_bОтделение физико-технических проблем энергетики
_3RU\NLR\AUTH\8811631
_4570
801 0 _aRU
_bNLR
_gPSBO
801 1 _aRU
_bInfoComm
_c20050212
801 2 _aRU
_bNLR
_c20080117
_2rusmarc
852 _aNLR
_jП11/14
942 _cJOURNAL
945 _aРоссийская национальная библиотека
980 _aNB
980 _aBV
980 _aRUSPER